000 00517nam a2200181Ia 4500
005 20250508161623.0
008 008 250505s9999 xx 000 0 eng d
037 _aTextual
040 _aFEDL
_beng
_cFEDL
041 _aeng
_2eng
084 _a500, ALL
_qFEDL
100 _aAllcott A
_9761062
245 0 _aYoung observers
260 _aLondon, UK
_bCassell and Company Ltd.
_c1955
490 _aA simple science series for reading and study
942 _cTEXL
_h500, ALL
999 _c1371165
_d1371165